Gaming Quiz

Random Gaming or Pokémon Quiz

5-Letter Pokémon (Gen 1) Quiz Stats

 Plays Quiz Updated Sep 14, 2017

Challenge
Share
Tweet
Embed
Score 0/10 Timer 02:00
2 Plays Today
Type Pokémon % Correct
NormalEevee
82.4%
Poison Ekans
66.3%
Poison Arbok
64.3%
Rock/Ground Golem
63.2%
Poison/Flying Zubat
57.9%
Grass/Poison Gloom
54%
Grass/Bug Paras
49.3%
PsychicHypno
44.9%
Normal/FlyingDoduo
39.4%
NormalDitto
33.7%

You're not logged in!

Compare scores with friends on all Sporcle quizzes.
OR
Log In

You Might Also Like...

Show Comments

Extras

Top Quizzes Today


Score Distribution

Your Account Isn't Verified!

In order to create a playlist on Sporcle, you need to verify the email address you used during registration. Go to your Sporcle Settings to finish the process.

Report this User

Report this user for behavior that violates our Community Guidelines.

Details: